<?xml version="1.0" encoding="UTF-8"?>
<record
    xmlns:xsi="http://www.w3.org/2001/XMLSchema-instance"
    xsi:schemaLocation="http://www.loc.gov/MARC21/slim http://www.loc.gov/standards/marcxml/schema/MARC21slim.xsd"
    xmlns="http://www.loc.gov/MARC21/slim">

  <leader>00920nam a2200145Ia 4500</leader>
  <datafield tag="999" ind1=" " ind2=" ">
    <subfield code="c">17730</subfield>
    <subfield code="d">17730</subfield>
  </datafield>
  <datafield tag="082" ind1=" " ind2=" ">
    <subfield code="a">954.04092 NEN-P</subfield>
  </datafield>
  <datafield tag="100" ind1=" " ind2=" ">
    <subfield code="a">Thengadi, D.B.</subfield>
  </datafield>
  <datafield tag="245" ind1=" " ind2="0">
    <subfield code="a">Pandit Deendayal Upadhyaya: ideology and perception</subfield>
  </datafield>
  <datafield tag="260" ind1=" " ind2=" ">
    <subfield code="a">New Delhi</subfield>
    <subfield code="b">Suruchi Prakashan</subfield>
    <subfield code="c">2014</subfield>
  </datafield>
  <datafield tag="500" ind1=" " ind2=" ">
    <subfield code="a">contents: 7 Vols. v1. (An inquest a preface by D.B.Thengadi),(240p.),(978-93-81500-76-6) - v.2 (Integral humanism by V.V.Nene),(94p.),(978-93-81500-77-4) - v.3 (Political thought by B.K.Klekar), (149p.),(978-93-81500-78-1) - v.4 (Integral economic policy by Sharad Anant Kulkarni), (147p.),(978-93-81500-79-8) v.5 (Concept of the rashtra by C.P.Bhishikar),(189p.) (978-93-81500-80-4) v.6 (Politics for nation's sake by B.N.Jog),(150p.),(978-93-81500-81-1) v.7 (A profile by V.N.Deodhar),(105p.),(978-93-81500-82-8)</subfield>
  </datafield>
  <datafield tag="650" ind1=" " ind2=" ">
    <subfield code="a">History</subfield>
    <subfield code="z">India</subfield>
  </datafield>
  <datafield tag="650" ind1=" " ind2=" ">
    <subfield code="a">Biography</subfield>
    <subfield code="v">Upadhyay Deendayal</subfield>
    <subfield code="z">1916-68</subfield>
  </datafield>
  <datafield tag="650" ind1=" " ind2=" ">
    <subfield code="a">Jansangh</subfield>
    <subfield code="v">Political party</subfield>
  </datafield>
  <datafield tag="942" ind1=" " ind2=" ">
    <subfield code="c">BK</subfield>
    <subfield code="2">ddc</subfield>
  </datafield>
  <datafield tag="952" ind1=" " ind2=" ">
    <subfield code="0">0</subfield>
    <subfield code="1">0</subfield>
    <subfield code="4">0</subfield>
    <subfield code="7">0</subfield>
    <subfield code="a">NASSDOC</subfield>
    <subfield code="b">NASSDOC</subfield>
    <subfield code="d">2017-12-20</subfield>
    <subfield code="e">OP</subfield>
    <subfield code="h">Pt.1</subfield>
    <subfield code="i">2017-12-06</subfield>
    <subfield code="l">0</subfield>
    <subfield code="o">954.04092 NEN-P</subfield>
    <subfield code="p">49520</subfield>
    <subfield code="r">2024-04-06 00:00:00</subfield>
    <subfield code="w">2019-04-18</subfield>
    <subfield code="y">BK</subfield>
  </datafield>
  <datafield tag="952" ind1=" " ind2=" ">
    <subfield code="0">0</subfield>
    <subfield code="1">0</subfield>
    <subfield code="4">0</subfield>
    <subfield code="7">0</subfield>
    <subfield code="a">NASSDOC</subfield>
    <subfield code="b">NASSDOC</subfield>
    <subfield code="d">2017-12-20</subfield>
    <subfield code="e">OP</subfield>
    <subfield code="h">Pt.2</subfield>
    <subfield code="i">2017-12-06</subfield>
    <subfield code="l">0</subfield>
    <subfield code="o">954.04092 NEN-P</subfield>
    <subfield code="p">49521</subfield>
    <subfield code="r">2024-04-06 00:00:00</subfield>
    <subfield code="w">2019-04-18</subfield>
    <subfield code="y">BK</subfield>
  </datafield>
  <datafield tag="952" ind1=" " ind2=" ">
    <subfield code="0">0</subfield>
    <subfield code="1">0</subfield>
    <subfield code="4">0</subfield>
    <subfield code="7">0</subfield>
    <subfield code="a">NASSDOC</subfield>
    <subfield code="b">NASSDOC</subfield>
    <subfield code="d">2017-12-20</subfield>
    <subfield code="e">OP</subfield>
    <subfield code="h">Pt.3</subfield>
    <subfield code="i">2017-12-06</subfield>
    <subfield code="l">0</subfield>
    <subfield code="o">954.04092 NEN-P</subfield>
    <subfield code="p">49522</subfield>
    <subfield code="r">2019-04-18 00:00:00</subfield>
    <subfield code="w">2019-04-18</subfield>
    <subfield code="y">BK</subfield>
  </datafield>
  <datafield tag="952" ind1=" " ind2=" ">
    <subfield code="0">0</subfield>
    <subfield code="1">0</subfield>
    <subfield code="4">0</subfield>
    <subfield code="7">0</subfield>
    <subfield code="a">NASSDOC</subfield>
    <subfield code="b">NASSDOC</subfield>
    <subfield code="d">2017-12-20</subfield>
    <subfield code="e">OP</subfield>
    <subfield code="h">Pt.4</subfield>
    <subfield code="i">2017-12-06</subfield>
    <subfield code="l">0</subfield>
    <subfield code="o">954.04092 NEN-P</subfield>
    <subfield code="p">49523</subfield>
    <subfield code="r">2019-04-18 00:00:00</subfield>
    <subfield code="w">2019-04-18</subfield>
    <subfield code="y">BK</subfield>
  </datafield>
  <datafield tag="952" ind1=" " ind2=" ">
    <subfield code="0">0</subfield>
    <subfield code="1">0</subfield>
    <subfield code="4">0</subfield>
    <subfield code="7">0</subfield>
    <subfield code="a">NASSDOC</subfield>
    <subfield code="b">NASSDOC</subfield>
    <subfield code="d">2017-12-20</subfield>
    <subfield code="e">OP</subfield>
    <subfield code="h">Pt.5</subfield>
    <subfield code="i">2017-12-06</subfield>
    <subfield code="l">0</subfield>
    <subfield code="o">954.04092 NEN-P</subfield>
    <subfield code="p">49524</subfield>
    <subfield code="r">2024-04-06 00:00:00</subfield>
    <subfield code="w">2019-04-18</subfield>
    <subfield code="y">BK</subfield>
  </datafield>
  <datafield tag="952" ind1=" " ind2=" ">
    <subfield code="0">0</subfield>
    <subfield code="1">0</subfield>
    <subfield code="4">0</subfield>
    <subfield code="7">0</subfield>
    <subfield code="a">NASSDOC</subfield>
    <subfield code="b">NASSDOC</subfield>
    <subfield code="d">2017-12-20</subfield>
    <subfield code="e">OP</subfield>
    <subfield code="h">Pt.6</subfield>
    <subfield code="i">2017-12-06</subfield>
    <subfield code="l">0</subfield>
    <subfield code="o">954.04092 NEN-P</subfield>
    <subfield code="p">49525</subfield>
    <subfield code="r">2019-04-18 00:00:00</subfield>
    <subfield code="w">2019-04-18</subfield>
    <subfield code="y">BK</subfield>
  </datafield>
  <datafield tag="952" ind1=" " ind2=" ">
    <subfield code="0">0</subfield>
    <subfield code="1">0</subfield>
    <subfield code="4">0</subfield>
    <subfield code="7">0</subfield>
    <subfield code="a">NASSDOC</subfield>
    <subfield code="b">NASSDOC</subfield>
    <subfield code="d">2017-12-20</subfield>
    <subfield code="e">OP</subfield>
    <subfield code="h">Pt.7</subfield>
    <subfield code="i">2017-12-06</subfield>
    <subfield code="l">0</subfield>
    <subfield code="o">954.04092 NEN-P</subfield>
    <subfield code="p">49526</subfield>
    <subfield code="r">2019-04-18 00:00:00</subfield>
    <subfield code="w">2019-04-18</subfield>
    <subfield code="y">BK</subfield>
  </datafield>
</record>
